LEADER 00950nam a2200217 i 4500 001 000000043408 003 CaOOAMICUS 005 20090814000000.0 008 090814s1962 gw u000 u ger u 013 $a14578 040 $aSeMil$bita 100 1 $aMetz, Johann-Baptist,$d<1928- >.$0(OLS)http://semarc/name/9868 245 10$aChristliche Anthropozentrik :$büber die Denkform des Thomas von Aquin /$cJohannes Baptist Metz. 260 $aMünchen :$bKösel,$c1962. 300 $a138 p. ;$c22 cm. 600 04$aTommaso : d'Aquino .$0(OLS)http://semarc/subject/115 650 4$aAntropologia teologica.$0(OLS)http://semarc/subject/2114 850 $aSeMil 852 $aSeMil$W1$xVenegono$y1$m2B II 240$j9563$B9563$CSeMilBibl$Z2$F9563 $81 996 $6245$aChristliche Anthropozentrik :$büber die Denkform des Thomas von Aquin$9(OLS)http://semarc/title/63769 996 $6260$aMünchen :$bKösel$9(OLS)http://semarc/publisher/34068 LEADER 01027nam a2200265 i 4500 001 000000250451 003 CaOOAMICUS 005 20160804000000.0 008 160804s2014 it u000 u ita u 013 $a229356 020 $a978-88-250-3537-7 040 $aSeMil$bita 100 1 $aGiaccardi, Chiara,$d<1959- >.$0(OLS)http://semarc/name/47628 245 10$aAbitare il presente /$cChiara Giaccardi. 260 $aPadova :$bMessaggero,$c2014. 300 $a125 p. ;$c21 cm. 490 0 $aProblemi & proposte ;$v22 650 4$aSacerdoti - Ministero.$0(OLS)http://semarc/subject/16433 830 0$aProblemi & proposte ;$v22.$0(OLS)http://semarc/title/7763 850 $aSeMil 852 $aSeMil$W1$xVenegono$y1$m2E II 62$j200797$B200797$CSeMilBibl$Z2$F212527 $81 961 $aAcquisto: Hoepli 996 $6020$a978-88-250-3537-7$9(OLS)http://semarc/number/260946 996 $6245$aAbitare il presente$9(OLS)http://semarc/title/352662 996 $6260$aPadova :$bMessaggero$9(OLS)http://semarc/publisher/29786